[Event "CRI-chT"]
[Site "San Jose"]
[Date "2012.07.29"]
[Round "9.1"]
[White "Alfaro Caracas, William"]
[Black "Castro Garcia, Adrian"]
[Result "1-0"]
[WhiteElo "2169"]
[BlackElo "1906"]
[PlyCount "104"]
[EventDate "2012.07.22"]
[EventType "team-tourn"]
[EventRounds "9"]
[EventCountry "CRI"]
[SourceTitle "EXT 2013"]
[Source "ChessBase"]
[SourceDate "2012.11.22"]
[SourceVersion "1"]
[SourceVersionDate "2012.11.22"]
[SourceQuality "1"]
[WhiteTeam "Construterra"]
[BlackTeam "Goicoechea"]
[WhiteTeamCountry "CRI"]
[BlackTeamCountry "CRI"]

1. d4 d5 2. Nf3 Nf6 3. c4 c6 4. Qb3 dxc4 5. Qxc4 Bf5 6. Nc3 Nbd7 7. g3 e6 8. Bg2 Bd6 9. 0-0 0-0 10. Nh4 Bg6 11. Nxg6 hxg6 12. e4 e5 13. dxe5 Nxe5 14. Qb3 Qb6 15. Be3 Bc5 16. Bxc5 Qxc5 17. Rac1 Nd3 18. Rc2 Qe7 19. Rd2 Rfd8 20. Rfd1 Nc5 21. Qa3 Rxd2 22. Rxd2 Kf8 23. h3 g5 24. Kh2 Ne6 25. e5 Qxa3 26. bxa3 Ne8 27. Ne4 Ke7 28. Rb2 b6 29. Rc2 Rc8 30. Bf1 Rc7 31. Kg2 f5 32. exf6+ gxf6 33. Bc4 N8g7 34. Nc3 f5 35. Re2 Kf6 36. Bb3 Rd7 37. Kf1 Nd4 38. Rd2 Rd6 39. Ne2 Nb5 40. Rxd6+ Nxd6 41. Nd4 c5 42. Nc6 c4 43. Bc2 Nb5 44. Ba4 Nc3 45. Bc2 a5 46. Nb8 b5 47. Nc6 Ne6 48. Ke1 Nxa2 49. Nxa5 Nc3 50. Nc6 Nd5 51. Kd2 Nc5 52. Nd4 c3+ 1-0

[Event "CRI-chT"]
[Site "San Jose"]
[Date "2012.07.28"]
[Round "7.1"]
[White "Jimenez Martinez, Alexander"]
[Black "Castro Garcia, Adrian"]
[Result "0-1"]
[WhiteElo "1839"]
[BlackElo "1906"]
[PlyCount "54"]
[EventDate "2012.07.22"]
[EventType "team-tourn"]
[EventRounds "9"]
[EventCountry "CRI"]
[SourceTitle "EXT 2013"]
[Source "ChessBase"]
[SourceDate "2012.11.22"]
[SourceVersion "1"]
[SourceVersionDate "2012.11.22"]
[SourceQuality "1"]
[WhiteTeam "Pasion Ajedrez.com"]
[BlackTeam "Goicoechea"]
[WhiteTeamCountry "CRI"]
[BlackTeamCountry "CRI"]

1. d4 d5 2. c4 c6 3. Nf3 Nf6 4. e3 Bg4 5. Qb3 Qb6 6. c5 Qc7 7. Ne5 Bf5 8. Nc3 Nbd7 9. Bd3 e6 10. Nxd7 Qxd7 11. Ne2 Be7 12. f3 0-0 13. g4 Bxd3 14. Qxd3 Qc7 15. Bd2 Nd7 16. b4 Bh4+ 17. Kf1 f5 18. gxf5 Rxf5 19. f4 Raf8 20. Ng3 Bxg3 21. hxg3 Nf6 22. Ke2 Qf7 23. Rag1 Rh5 24. b5 Ne4 25. Be1 Qg6 26. Rxh5 Qxh5+ 27. Kf1 Qf3+ 0-1